00514nam a2200193 a 4500001001300000003000900013005001700022008004100039020000800080082001600088100001900104245006100123260003900184300000900223500003500232505001000267650002400277700001900301nice12345678IN_TiNIC20260116011845.0050524s1970 boma grp 000 0 eng  ac500a232.91bSUB aSubhan, John A aVirgin Mary in Catholic Belief and in Protestant Thought aBombaybSt.Paul Publicationsc1970 a293p aincludes index and biblioraphy2 aNotes aMary-Blessed Virgin1 aSubhan, John A